000
00321nam a2200133Ia 4500
008
210210b1983 xxu||||| |||| 00| 0 eng d
082
_a
501 GARS
100
_a
GARDNER (Martin).
245
_a
Science good, bad and bogus.
260
_a
NY
_b
Avon Books
_c
1983
300
_a
408
690
_a
Pure Sciences
906
_a
042826
999
_c
92450
_d
92450